<?xml version="1.0" encoding="UTF-8"?>
<record
    xmlns:xsi="http://www.w3.org/2001/XMLSchema-instance"
    xsi:schemaLocation="http://www.loc.gov/MARC21/slim http://www.loc.gov/standards/marcxml/schema/MARC21slim.xsd"
    xmlns="http://www.loc.gov/MARC21/slim">

  <leader>00746nam a2200265 i 4500</leader>
  <controlfield tag="001">C2-0235989</controlfield>
  <controlfield tag="003">PPAK</controlfield>
  <controlfield tag="005">20180727195924.0</controlfield>
  <controlfield tag="008">010926s2001    my a|||| |||||  |   may d</controlfield>
  <datafield tag="020" ind1=" " ind2=" ">
    <subfield code="a">9832316472</subfield>
  </datafield>
  <datafield tag="040" ind1=" " ind2=" ">
    <subfield code="a">PPAK</subfield>
    <subfield code="b">eng</subfield>
    <subfield code="c">PPAK</subfield>
    <subfield code="e">rda</subfield>
  </datafield>
  <datafield tag="082" ind1="0" ind2="4">
    <subfield code="a">499.2386</subfield>
    <subfield code="2">23</subfield>
  </datafield>
  <datafield tag="090" ind1="0" ind2="0">
    <subfield code="a">499.2386</subfield>
    <subfield code="b">YUL</subfield>
    <subfield code="d">K</subfield>
  </datafield>
  <datafield tag="100" ind1="0" ind2=" ">
    <subfield code="a">Yulis Haji Alwi, </subfield>
    <subfield code="e">author</subfield>
  </datafield>
  <datafield tag="245" ind1="1" ind2="0">
    <subfield code="a">Tuan puteri yang malang</subfield>
  </datafield>
  <datafield tag="264" ind1=" " ind2="1">
    <subfield code="a">Seri Kembangan, Selangor : </subfield>
    <subfield code="b">Penerbitan PCT , </subfield>
    <subfield code="c">2001</subfield>
  </datafield>
  <datafield tag="300" ind1=" " ind2=" ">
    <subfield code="a">72 pages : </subfield>
    <subfield code="b">illustrations ; </subfield>
    <subfield code="c">22 cm</subfield>
  </datafield>
  <datafield tag="336" ind1=" " ind2=" ">
    <subfield code="2">rdacontent</subfield>
    <subfield code="a">text</subfield>
  </datafield>
  <datafield tag="337" ind1=" " ind2=" ">
    <subfield code="2">rdamedia</subfield>
    <subfield code="a">unmediated</subfield>
  </datafield>
  <datafield tag="338" ind1=" " ind2=" ">
    <subfield code="2">rdacarrier</subfield>
    <subfield code="a">volume</subfield>
  </datafield>
  <datafield tag="490" ind1="1" ind2=" ">
    <subfield code="a">Siri sastera remaja</subfield>
  </datafield>
  <datafield tag="650" ind1="1" ind2="0">
    <subfield code="a">Bahasa Melayu - Readers</subfield>
  </datafield>
  <datafield tag="830" ind1=" " ind2="0">
    <subfield code="a">Siri sastera remaja</subfield>
  </datafield>
  <datafield tag="942" ind1=" " ind2=" ">
    <subfield code="d">dc</subfield>
    <subfield code="c">B</subfield>
  </datafield>
  <datafield tag="999" ind1=" " ind2=" ">
    <subfield code="c">51892</subfield>
    <subfield code="d">51892</subfield>
  </datafield>
  <datafield tag="952" ind1=" " ind2=" ">
    <subfield code="0">0</subfield>
    <subfield code="7">0</subfield>
    <subfield code="b">BL</subfield>
    <subfield code="c">K</subfield>
    <subfield code="d">2001-09-26</subfield>
    <subfield code="l">2</subfield>
    <subfield code="o">K 499.2386 YUL</subfield>
    <subfield code="p">A00980461</subfield>
    <subfield code="r">2025-10-04 13:18:02</subfield>
    <subfield code="s">2025-09-20</subfield>
    <subfield code="y">B</subfield>
  </datafield>
  <datafield tag="952" ind1=" " ind2=" ">
    <subfield code="0">0</subfield>
    <subfield code="7">0</subfield>
    <subfield code="b">PD1</subfield>
    <subfield code="c">K</subfield>
    <subfield code="d">2001-09-26</subfield>
    <subfield code="o">K 499.2386 YUL</subfield>
    <subfield code="p">A00980471</subfield>
    <subfield code="r">2018-05-08 00:00:00</subfield>
    <subfield code="y">B</subfield>
  </datafield>
  <datafield tag="952" ind1=" " ind2=" ">
    <subfield code="0">0</subfield>
    <subfield code="7">0</subfield>
    <subfield code="b">PD29</subfield>
    <subfield code="c">K</subfield>
    <subfield code="d">2001-09-26</subfield>
    <subfield code="l">0</subfield>
    <subfield code="o">K 499.2386 YUL</subfield>
    <subfield code="p">A00980473</subfield>
    <subfield code="r">2018-05-08 00:00:00</subfield>
    <subfield code="y">B</subfield>
  </datafield>
  <datafield tag="952" ind1=" " ind2=" ">
    <subfield code="0">0</subfield>
    <subfield code="7">0</subfield>
    <subfield code="b">KM</subfield>
    <subfield code="c">K</subfield>
    <subfield code="d">2004-11-27</subfield>
    <subfield code="l">1</subfield>
    <subfield code="o">K 499.2386 YUL</subfield>
    <subfield code="p">A01072480</subfield>
    <subfield code="r">2022-06-27 00:00:00</subfield>
    <subfield code="s">2022-06-05</subfield>
    <subfield code="y">B</subfield>
  </datafield>
  <datafield tag="952" ind1=" " ind2=" ">
    <subfield code="0">0</subfield>
    <subfield code="7">0</subfield>
    <subfield code="b">KM</subfield>
    <subfield code="c">K</subfield>
    <subfield code="d">2004-11-27</subfield>
    <subfield code="o">K 499.2386 YUL</subfield>
    <subfield code="p">A01072481</subfield>
    <subfield code="r">2018-05-08 00:00:00</subfield>
    <subfield code="y">B</subfield>
  </datafield>
</record>
